[Event "Tingo Maria op 4th"]
[Site "Tingo Maria"]
[Date "2012.09.06"]
[Round "1"]
[White "Espinoza Bravo, Kevin Percivale"]
[Black "Callocondo Morveli, Karol"]
[Result "1-0"]
[WhiteElo "1843"]
[BlackElo "1602"]
[PlyCount "77"]
[EventDate "2012.09.06"]
[EventType "swiss"]
[EventRounds "9"]
[EventCountry "PER"]
[SourceTitle "CBM 150 Extra"]
[Source "ChessBase"]
[SourceDate "2012.10.19"]
[SourceVersion "1"]
[SourceVersionDate "2012.10.19"]
[SourceQuality "1"]

1. e4 e5 2. Nf3 d6 3. h3 g6 4. Bc4 Be6 5. Bxe6 fxe6 6. 0-0 Nc6 7. Nh2 Nf6 8. d3 h5 9. f4 exf4 10. Bxf4 Bh6 11. Bxh6 Rxh6 12. Qd2 Rh7 13. Qg5 Kf7 14. Na3 Qe7 15. Rf2 Kg7 16. Raf1 Rf8 17. Nf3 Nd7 18. Qxe7+ Nxe7 19. Ng5 Rxf2 20. Rxf2 Rh8 21. Rf7+ Kh6 22. Rxe7 Kxg5 23. Rxd7 Kf4 24. Kf2 Rf8 25. Rxc7 d5 26. exd5 exd5 27. Rxb7 g5 28. Re7 g4 29. hxg4 Kxg4+ 30. Kg1 h4 31. c4 dxc4 32. dxc4 Rd8 33. c5 Kg3 34. Re3+ Kf4 35. Kf2 Rc8 36. Rc3 Rd8 37. Rc2 Ke4 38. c6 Rf8+ 39. Ke2 1-0